000 00525nam a22001097a 4500
008 160314b xxu||||| |||| 00| 0 eng d
100 _aErler, Martin
245 _aKatalog der Stempelmarken von Deutschland I. Deutsches Reich / Bundesrepublik Vol 1, 1st ed (1979)
_bCatalogue of the adhesive revenues of Germany I. Deutsches Reich / Bundesrepublik
260 _aIcking, Germany
_bORA Verlag
_c1979
650 _aGermany | Germany, West (1945-) | Revenues | Catalogs and Price Lists | Cinderella Material
700 _aNorton, John A.
999 _c1827
_d1827